El Empresario y su entorno económico
Gardado en:
| Autor Principal: | |
|---|---|
| Formato: | Texto |
| Publicado: |
San José:
EDUCA
|
| Etiquetas: |
Engadir etiqueta
Sen Etiquetas, Sexa o primeiro en etiquetar este rexistro!
|
MARC
| LEADER | 00000 a a2200000 04500 | ||
|---|---|---|---|
| 001 | 23665 | ||
| 003 | |||
| 040 | |||
| 020 | |a 9977-30-098-4 | ||
| 090 | |a 164000 | ||
| 100 | |a Ramírez, Noel | ||
| 245 | |a El Empresario y su entorno económico | ||
| 260 | |a San José: |b EDUCA | ||
| 300 | |a 348 p. |b **no definido** |b il. |b map. | ||
| 999 | |c 17631 |d 17631 | ||



